00811cam a22002171a 4500001001300000003000400013005001700017008004100034010001700075035002000092040004200112050001600154100002300170245013300193260003600326300005500362440005400417650005500471650005200526999001500578af 47005991 DLC20260227110835.0880812s1943 gw acf 000 0 ger c aaf 47005991  a(OCoLC)18345318 aIllinois Univ. LibrarycNcDdNcDdDLC00aD811b.S3251 aSchaeppi, Benno H.10aGermanische Freiwillige im Osten /cvon Benno H. Schaeppi ; mit einem Geleitwort des Stabsführers der Germanischen Leitstelle. aNürnberg :bF. Willmy,c1943. a75 p., [24] p. of plates :bill., ports. ;c25 cm. 0aKriegseinsatz der Vergündeten Grossdeutschlands 0aWorld War, 1939-1945xPersonal narratives, German. 0aWorld War, 1939-1945xCampaignszEastern Front. c3374d3374